000 00473cam a2200145 4500500
005 20251012031959.0
041 _afre
042 _adc
100 1 0 _aDamamme, Pierre
_eauthor
245 0 0 _aLa religion du muscle dans Les Olympiques d’Henry de Montherlant
260 _c2025.
500 _a29
786 0 _nRoman 20-50 | 78 | 2 | 2025-09-18 | p. 67-78 | 0295-5024
856 4 1 _uhttps://shs.cairn.info/revue-roman-20-50-2024-2-page-67?lang=fr&redirect-ssocas=7080
999 _c1546435
_d1546435